Fish inspection and quality control

Gorde:
Xehetasun bibliografikoak
Egile nagusia: Kreuzer, Rudolf (Egilea)
Egile korporatiboa: FAO (Egilea), Food and Agriculture Organization of the United Nations (Egilea)
Formatua: Liburua
Hizkuntza:ingelesa
Argitaratua: Londres Fishing News 1971
Gaiak:
Etiketak: Etiketa erantsi
Etiketarik gabe, Izan zaitez lehena erregistro honi etiketa jartzen!

MARC

LEADER 00000nam a2200000 a 4500
001 UCR5698
003 CL-VaPUC
008 980403e19710000UK |||||||||||||||||eng|d
082 0 4 |a 664.95  |b KRE  |2 21 
100 |a Kreuzer, Rudolf  |e author  |9 407657 
110 2 |a FAO  |e author  |9 406640 
710 2 |a Food and Agriculture Organization of the United Nations  |e author  |9 406641 
245 1 0 |a Fish inspection and quality control 
300 |a 290 p 
942 |c BK 
945 |d 19980403 00:00:00  |a crobeson 
260 |a Londres  |b Fishing News  |c 1971 
650 0 |a Pescado  |9 362658 
650 7 |a PESCADO COMO ALIMENTO  |2 CL-VaPUC  |9 259401 
650 0 |a Control de calidad   |9 259714 
650 7 |a INSPECCION DE LA CARNE  |2 CL-VaPUC  |9 406642 
583 |a last modification  |c 19980403 00:00:00  |k Rodrigo Vera 
999 |c 268158  |d 268156 
952 |0 0  |1 0  |4 0  |6 664_950000000000000_KRE_1971  |7 0  |8 A  |9 301089  |a BIBALI  |b BIBALI  |d 2019-11-20  |i 1977539  |o 664.95 KRE 1971  |p 1977539  |r 2025-01-20  |w 2019-11-20  |y BK  |k ALI